[Event "London Classic op-B 5th"]
[Site "London"]
[Date "2013.12.15"]
[Round "5"]
[White "Ridge, Michael"]
[Black "Shepherd, David"]
[Result "1/2-1/2"]
[WhiteElo "1925"]
[BlackElo "1941"]
[PlyCount "59"]
[EventDate "2013.12.13"]
[EventType "swiss"]
[EventRounds "5"]
[EventCountry "ENG"]
[SourceTitle "EXT 2016"]
[Source "ChessBase"]
[SourceDate "2015.10.08"]
[SourceVersion "1"]
[SourceVersionDate "2015.10.08"]
[SourceQuality "1"]

1. e4 e6 2. b3 d5 3. Bb2 dxe4 4. Nc3 Nf6 5. Qe2 Be7 6. 0-0-0 0-0 7. Nxe4 Nxe4 8. Qxe4 Bf6 9. d4 Qd5 10. Qe3 a5 11. Bd3 a4 12. Nf3 axb3 13. axb3 Ra2 14. h4 Rxb2 15. Kxb2 c5 16. Qe4 Qxe4 17. Bxe4 cxd4 18. Nxd4 Nc6 19. Bxc6 bxc6 20. c3 Bb7 21. Nf3 c5 22. Rd7 Bd5 23. Ra7 Rb8 24. Ra3 c4 25. Nd2 cxb3 26. f3 Rc8 27. Ne4 Bxe4 28. fxe4 Rxc3 29. Kb1 h5 30. Rh3 1/2-1/2

[Event "London Classic op-B 5th"]
[Site "London"]
[Date "2013.12.14"]
[Round "3"]
[White "Shepherd, David"]
[Black "Casaschi, Paolo"]
[Result "0-1"]
[WhiteElo "1941"]
[BlackElo "2033"]
[PlyCount "84"]
[EventDate "2013.12.13"]
[EventType "swiss"]
[EventRounds "5"]
[EventCountry "ENG"]
[SourceTitle "EXT 2016"]
[Source "ChessBase"]
[SourceDate "2015.10.08"]
[SourceVersion "1"]
[SourceVersionDate "2015.10.08"]
[SourceQuality "1"]

1. d4 Nf6 2. Nf3 d5 3. Bf4 g6 4. Nc3 Bg7 5. Qd2 c5 6. 0-0-0 0-0 7. Bh6 cxd4 8. Nxd4 Bxh6 9. Qxh6 Ng4 10. Qh4 e5 11. Qxd8 Rxd8 12. Ndb5 Nxf2 13. Rxd5 Rxd5 14. Nxd5 Na6 15. Rg1 Kg7 16. Nbc3 Nc5 17. e3 Be6 18. Nc7 Rc8 19. Nxe6+ Nxe6 20. Be2 Ng5 21. Rf1 Nfe4 22. Nxe4 Nxe4 23. Bf3 Nc5 24. Bd5 Rc7 25. Rd1 f5 26. c3 e4 27. Kc2 Nd3 28. c4 Kf6 29. Kc3 Ke5 30. b3 g5 31. g3 Nf2 32. Rd2 Ng4 33. Re2 Nf6 34. Kb4 Nxd5+ 35. cxd5 Kxd5 36. Rd2+ Ke6 37. a4 f4 38. gxf4 gxf4 39. exf4 Kf5 40. h4 Kxf4 41. h5 e3 42. Rd8 Re7 0-1

[Event "London e2e4 Diamond Jubilee op"]
[Site "London"]
[Date "2012.06.05"]
[Round "7"]
[White "Shepherd, David"]
[Black "Pattni, Kishan"]
[Result "1-0"]
[WhiteElo "1934"]
[BlackElo "1736"]
[PlyCount "49"]
[EventDate "2012.06.02"]
[EventType "swiss"]
[EventRounds "9"]
[EventCountry "ENG"]
[SourceTitle "CBM 148 Extra"]
[Source "ChessBase"]
[SourceDate "2012.06.22"]
[SourceVersion "1"]
[SourceVersionDate "2012.06.22"]
[SourceQuality "1"]

1. d4 Nf6 2. Nf3 g6 3. Nc3 Bg7 4. e4 d6 5. h3 0-0 6. Be3 c6 7. Qd2 Re8 8. 0-0-0 Nbd7 9. e5 Nd5 10. Nxd5 cxd5 11. Bh6 Bh8 12. Re1 dxe5 13. dxe5 Nc5 14. Bb5 Ne4 15. Qd4 Bd7 16. Bxd7 Qxd7 17. Rxe4 Qf5 18. Qxd5 Red8 19. Qc4 Rac8 20. Qe2 Rc5 21. Rd1 Rdc8 22. Nd4 Qd7 23. Kb1 Rd5 24. c4 Rdc5 25. Nb3 1-0

[Event "London e2e4 Diamond Jubilee op"]
[Site "London"]
[Date "2012.06.04"]
[Round "4"]
[White "Khan, Mohammed"]
[Black "Shepherd, David"]
[Result "1/2-1/2"]
[WhiteElo "2085"]
[BlackElo "1934"]
[PlyCount "47"]
[EventDate "2012.06.02"]
[EventType "swiss"]
[EventRounds "9"]
[EventCountry "ENG"]
[SourceTitle "CBM 148 Extra"]
[Source "ChessBase"]
[SourceDate "2012.06.22"]
[SourceVersion "1"]
[SourceVersionDate "2012.06.22"]
[SourceQuality "1"]

1. d4 e6 2. Nf3 Nf6 3. e3 c5 4. Bd3 Nc6 5. 0-0 Be7 6. b3 cxd4 7. exd4 Qc7 8. Bb2 Nb4 9. c4 Nxd3 10. Qxd3 d5 11. Nc3 0-0 12. Nb5 Qd8 13. Ne5 a6 14. Nc3 Ne8 15. a4 Nc7 16. c5 a5 17. f4 f6 18. Nf3 Na6 19. Qe2 b6 20. cxb6 Rb8 21. b7 Bxb7 22. Qxe6+ Kh8 23. Nb5 Bb4 24. Rac1 1/2-1/2

[Event "Gatwick e2e4 int op-A"]
[Site "Gatwick"]
[Date "2011.10.30"]
[Round "8"]
[White "Shepherd, David"]
[Black "Magee, Ronan"]
[Result "0-1"]
[WhiteElo "1996"]
[BlackElo "1935"]
[PlyCount "108"]
[EventDate "2011.10.26"]
[EventType "swiss"]
[EventRounds "9"]
[EventCountry "ENG"]
[SourceTitle "EXT 2014"]
[Source "ChessBase"]
[SourceDate "2013.11.20"]
[SourceVersion "1"]
[SourceVersionDate "2013.11.20"]
[SourceQuality "1"]

1. d4 d5 2. Nf3 Nf6 3. Bf4 c5 4. c3 Qb6 5. Qc2 cxd4 6. cxd4 Nc6 7. e3 Bf5 8. Qxf5 Qxb2 9. Be2 Qxa1 10. Qc2 e5 11. 0-0 exf4 12. Bb5 Rc8 13. Nfd2 Kd8 14. Nb3 Nxd4 15. exd4 Rxc2 16. Nxa1 Rc8 17. Nb3 a6 18. Bd3 Bb4 19. g3 Re8 20. a3 Bd6 21. Kg2 fxg3 22. hxg3 g6 23. N3d2 Ne4 24. Nf3 f6 25. Nh2 Nc3 26. Ng4 Re6 27. Ne3 Nxb1 28. Rxb1 Rc3 29. Bf1 Rexe3 30. fxe3 b5 31. Kf3 Rxa3 32. Bxb5 axb5 33. Rxb5 Bxg3 34. Rxd5+ Ke7 35. Kxg3 Rxe3+ 36. Kf4 Re6 37. Ra5 Rd6 38. d5 h6 39. Ke4 Rb6 40. Ra7+ Kd6 41. Rg7 f5+ 42. Kd4 Rb4+ 43. Kd3 Rg4 44. Ke3 Kxd5 45. Kf3 Ke6 46. Ra7 Kf6 47. Ra1 Kg5 48. Rh1 h5 49. Ra1 h4 50. Rh1 Rg3+ 51. Kf2 Kg4 52. Rc1 h3 53. Rc6 g5 54. Rh6 Rg2+ 0-1

[Event "Gatwick e2e4 int op-A"]
[Site "Gatwick"]
[Date "2011.10.29"]
[Round "6"]
[White "Cafolla, Peter"]
[Black "Shepherd, David"]
[Result "1/2-1/2"]
[WhiteElo "2060"]
[BlackElo "1996"]
[PlyCount "60"]
[EventDate "2011.10.26"]
[EventType "swiss"]
[EventRounds "9"]
[EventCountry "ENG"]
[SourceTitle "EXT 2014"]
[Source "ChessBase"]
[SourceDate "2013.11.20"]
[SourceVersion "1"]
[SourceVersionDate "2013.11.20"]
[SourceQuality "1"]

1. d4 Nf6 2. c4 e6 3. Nc3 Bb4 4. f3 c5 5. d5 d6 6. e4 0-0 7. Bd3 b5 8. Nge2 bxc4 9. Bxc4 Ba6 10. Bxa6 Nxa6 11. 0-0 Bxc3 12. Nxc3 exd5 13. Nxd5 Nxd5 14. Qxd5 Nb4 15. Qc4 Qf6 16. Rd1 Rfd8 17. Rb1 Qe6 18. Qxe6 fxe6 19. a3 Nc6 20. Be3 a5 21. Rbc1 h6 22. f4 Rab8 23. Rc2 Ne7 24. Rcd2 c4 25. Rxd6 Rxd6 26. Rxd6 Rxb2 27. Rd7 Re2 28. Bb6 c3 29. Kf1 c2 30. Rc7 Rxe4 1/2-1/2

[Event "Gatwick e2e4 int op-A"]
[Site "Gatwick"]
[Date "2011.10.28"]
[Round "5"]
[White "Shepherd, David"]
[Black "Savage, Nicholas W"]
[Result "0-1"]
[WhiteElo "1996"]
[BlackElo "2133"]
[PlyCount "104"]
[EventDate "2011.10.26"]
[EventType "swiss"]
[EventRounds "9"]
[EventCountry "ENG"]
[SourceTitle "EXT 2014"]
[Source "ChessBase"]
[SourceDate "2013.11.20"]
[SourceVersion "1"]
[SourceVersionDate "2013.11.20"]
[SourceQuality "1"]

1. d4 Nf6 2. Nf3 g6 3. Nc3 d5 4. Bf4 Bg7 5. e3 0-0 6. Be2 c5 7. Nb5 Na6 8. Be5 Bd7 9. 0-0 Qb6 10. dxc5 Nxc5 11. Nc7 Rad8 12. b4 Nce4 13. a4 e6 14. Nb5 Bxb5 15. Bxb5 a6 16. Bd3 Qxb4 17. a5 Nc5 18. Be2 Nfe4 19. Bxg7 Kxg7 20. Qd4+ Qxd4 21. exd4 Nc3 22. Rfe1 Nxe2+ 23. Rxe2 Nd7 24. Rb1 Rb8 25. Nd2 Rfc8 26. Nb3 b5 27. f3 Rc3 28. Kf2 Rbc8 29. Rb2 Kf6 30. Ke1 Ke7 31. Kd2 Kd6 32. Re3 Rxe3 33. Kxe3 e5 34. Kd2 exd4 35. Nxd4 Ne5 36. Ra2 Rc4 37. c3 Ra4 38. Rxa4 bxa4 39. g4 Nc4+ 40. Kc2 Nxa5 41. h4 Nb3 42. Ne2 Kc5 43. Ng3 Kc4 44. h5 a3 45. Kb1 Nd2+ 46. Ka2 Kxc3 47. f4 Nc4 48. f5 Kd3 49. hxg6 hxg6 50. fxg6 fxg6 51. Nh5 gxh5 52. gxh5 Ne5 0-1

[Event "Gatwick e2e4 int op-A"]
[Site "Gatwick"]
[Date "2011.10.27"]
[Round "2"]
[White "Wallace, Paul Anthony"]
[Black "Shepherd, David"]
[Result "1-0"]
[WhiteElo "2229"]
[BlackElo "1996"]
[PlyCount "103"]
[EventDate "2011.10.26"]
[EventType "swiss"]
[EventRounds "9"]
[EventCountry "ENG"]
[SourceTitle "EXT 2014"]
[Source "ChessBase"]
[SourceDate "2013.11.20"]
[SourceVersion "1"]
[SourceVersionDate "2013.11.20"]
[SourceQuality "1"]

1. e4 c5 2. Nf3 Nc6 3. d4 cxd4 4. Nxd4 e5 5. Nb5 d6 6. N1c3 a6 7. Na3 f5 8. exf5 Bxf5 9. Bd3 Bxd3 10. Qxd3 Nf6 11. Bg5 Be7 12. Bxf6 Bxf6 13. 0-0 0-0 14. Rad1 Nd4 15. Nd5 Qa5 16. Qe4 Rab8 17. c3 Nc6 18. Nc4 Qd8 19. Nxf6+ Rxf6 20. Qd5+ Kh8 21. Nxd6 Qe7 22. Ne4 Rff8 23. Qd7 Qh4 24. Nd6 Qe7 25. Qxe7 Nxe7 26. Rd2 Kg8 27. Rfd1 Nc6 28. Ne4 Rfd8 29. Kf1 Rxd2 30. Rxd2 Rd8 31. Ke2 Kf8 32. Nc5 Rxd2+ 33. Kxd2 Nd8 34. Nd7+ Ke7 35. Nxe5 Kf6 36. Nd7+ Kf5 37. Nc5 g5 38. a4 h5 39. b4 h4 40. h3 g4 41. hxg4+ Kxg4 42. a5 Nc6 43. Nxb7 Ne5 44. Nc5 Ng6 45. Nd3 Ne7 46. c4 Nc6 47. Kc3 Kf5 48. Nc5 Ke5 49. b5 axb5 50. cxb5 Nd4 51. b6 Nc6 52. a6 1-0

[Event "Sunningdale e2e4 op"]
[Site "Ascot"]
[Date "2011.05.30"]
[Round "7"]
[White "Shepherd, David"]
[Black "Hagesaether, Arne"]
[Result "0-1"]
[WhiteElo "2034"]
[BlackElo "2143"]
[PlyCount "76"]
[EventDate "2011.05.27"]
[EventType "swiss"]
[EventRounds "7"]
[EventCountry "ENG"]
[SourceTitle "CBM 142 Extra"]
[Source "ChessBase"]
[SourceDate "2011.06.27"]
[SourceVersion "1"]
[SourceVersionDate "2011.06.27"]
[SourceQuality "1"]

1. d4 Nf6 2. Nf3 e6 3. Bg5 Be7 4. c3 b6 5. Nbd2 Bb7 6. Qc2 d5 7. Ne5 0-0 8. e3 h6 9. Bh4 c5 10. g4 cxd4 11. exd4 Nc6 12. Rg1 Nxe5 13. dxe5 Nd7 14. Bxe7 Qxe7 15. 0-0-0 d4 16. Nc4 dxc3 17. Kb1 Bd5 18. Qxc3 Rac8 19. Qd4 Qc5 20. Qxc5 Rxc5 21. f4 Rfc8 22. Nd6 R8c7 23. Bb5 Nf8 24. Rc1 Rxc1+ 25. Rxc1 Bxa2+ 26. Kxa2 Rxc1 27. Be8 f6 28. f5 Rc7 29. exf6 gxf6 30. Ba4 Re7 31. fxe6 Nxe6 32. Bb3 Kf8 33. Nf5 Re8 34. Nxh6 Nf4 35. Bf7 Re2 36. h4 Rh2 37. Bh5 Rxh4 38. Kb3 Kg7 0-1

[Event "BCF-chT2b 0910 (4NCL)"]
[Site "England"]
[Date "2010.02.21"]
[Round "6.4"]
[White "Shepherd, David"]
[Black "Franklin, Michael J"]
[Result "1-0"]
[WhiteElo "1922"]
[BlackElo "2190"]
[PlyCount "105"]
[EventDate "2009.10.24"]
[EventType "team-tourn"]
[EventRounds "11"]
[EventCountry "ENG"]
[SourceTitle "EXT 2010"]
[Source "ChessBase"]
[SourceDate "2010.11.25"]
[SourceVersion "1"]
[SourceVersionDate "2010.11.25"]
[SourceQuality "1"]
[WhiteTeam "Guildford III"]
[BlackTeam "Bristol"]
[WhiteTeamCountry "ENG"]
[BlackTeamCountry "ENG"]

1. d4 Nf6 2. Nf3 e6 3. g3 d5 4. Bg2 Nbd7 5. 0-0 Be7 6. Nbd2 0-0 7. c4 c6 8. a3 Re8 9. b4 a5 10. Rb1 axb4 11. axb4 Bd6 12. b5 cxb5 13. Rxb5 b6 14. cxd5 exd5 15. Rb3 Bb7 16. Nb1 Ba6 17. Re1 Bc4 18. Rb2 b5 19. Nfd2 Rb8 20. e4 dxe4 21. Nxe4 Nxe4 22. Rxe4 Rxe4 23. Bxe4 Nf6 24. Bg2 Bc7 25. Na3 Bd5 26. Qd3 Bxg2 27. Kxg2 b4 28. Nc4 Qd5+ 29. Kg1 h5 30. Ne3 Qf3 31. Qd1 Qe4 32. Qc2 Bd6 33. Qxe4 Nxe4 34. f3 Nc3 35. Kf2 h4 36. Bd2 hxg3+ 37. hxg3 Rc8 38. g4 g6 39. Bxc3 Rxc3 40. Ke2 Rc8 41. Nd5 Rb8 42. Rb3 Rb5 43. Nf6+ Kf8 44. Kd3 Rb7 45. Nd5 f5 46. gxf5 gxf5 47. Kc4 Kf7 48. Nxb4 Ke6 49. Nd3 Rxb3 50. Kxb3 Kd5 51. Kc3 f4 52. Nc1 Bc7 53. Ne2 1-0